000 00566nam a2200181Ia 4500
003 GCL
008 140319s9999 xx 000 0 ara d
040 _aGCL /
_cGCL
082 0 4 _a252
_bع م
245 1 0 _aمختصر الاسئلة والاجوبة علي العقيدة الواسطية
250 _aالثالث عشر
260 _aالرياض :
_bمطابع المدينة ،
_c2000
300 _a167ص ؛
_c24سم
650 0 4 _aالشريعة الاسلامية
650 0 4 _aالفقه الاسلامى
650 0 4 _aالعبادات
942 _2ddc
_cBK
999 _c7088
_d7088